Al borde de la desesperanza (Registro nro. 11863)
[ vista simple ]
| 000 -Cabecera | |
|---|---|
| Campo de control de longitud fija | 01032nam a22003497a 4500 |
| 005 - Fecha y hora de la última transacción | |
| Campo de control | 20231011162540.0 |
| 008 - Elementos de longitud fija--Información general | |
| Campo de control de longitud fija | 190409b xxu||||| |||| 00| 0 spa d |
| 020 ## - International Standard Book Number | |
| Número Internacional Estándar del Libro (ISBN) | 9789708171977 |
| 041 ## - Idioma | |
| Código de idioma | |
| 082 ## - Clasificación Decimal Dewey | |
| Número de clasificación | 158.2 J42b |
| 100 ## - Entrada principal--Autor personal | |
| Nombre personal | Jay, Jeff |
| 9 (RLIN) | 53349 |
| 100 ## - Entrada principal--Autor personal | |
| Nombre personal | Boriskin, Jerry |
| 9 (RLIN) | 53350 |
| 245 ## - Título propiamente dicho | |
| Título | Al borde de la desesperanza |
| 260 ## - Pie de imprenta | |
| Lugar de publicación, distribución, etc. | México |
| 260 ## - Pie de imprenta | |
| Nombre del editor, distribuidor, etc. | Patria |
| 260 ## - Pie de imprenta | |
| Fecha de publicación, distribución, etc. | 2008 |
| 650 ## - Materia general | |
| Temática (materia general) | PSICOLOGÍA APLICADA |
| 650 ## - Materia general | |
| Temática (materia general) | RELACIONES INTERPERSONALES |
| 650 ## - Materia general | |
| Temática (materia general) | TRASTORNOS DE ANSIEDAD |
| 650 ## - Materia general | |
| Temática (materia general) | DEPRESIÓN |
| 650 ## - Materia general | |
| Temática (materia general) | TRASTORNOS BIPOLARES |
| 650 ## - Materia general | |
| Temática (materia general) | PSICOSIS |
| 650 ## - Materia general | |
| Temática (materia general) | ADICCIÓN |
| 650 ## - Materia general | |
| Temática (materia general) | TRASTORNOS DE CARÁCTER |
| 650 ## - Materia general | |
| Temática (materia general) | TRASTORNO DE TENSIÓN POSTRAUMÁTICA |
| 650 ## - Materia general | |
| Temática (materia general) | TRASTORNO POR DÉFICIT DE ATENCIÓN |
| 650 ## - Materia general | |
| Temática (materia general) | TRAUMATISMOS |
| 650 ## - Materia general | |
| Temática (materia general) | LESIONES CEREBRALES |
| 650 ## - Materia general | |
| Temática (materia general) | DOLOR CRÓNICO |
| 650 ## - Materia general | |
| Temática (materia general) | TRASTORNOS CONCOMITANTES |
| 942 ## - Punto de acceso adicional KOHA | |
| Tipo de ítem KOHA | Literatura |
| Fuente del sistema de clasificación o colocación | Dewey Decimal Classification |
| Signatura completa | Código de barras | Tipo de ítem |
|---|---|---|
| 158.2 J42b | 17194 | Literatura |